| 000 | 00601nam a2200241 a 4500 | ||
|---|---|---|---|
| 999 |
_c9768 _d9768 |
||
| 001 | 9768 | ||
| 003 | BD-JhCC | ||
| 005 | 20180328185208.0 | ||
| 008 | 180328s1915 nyua 001 0 eng d | ||
| 035 | _a(BD-JhCC)9768 | ||
| 040 |
_aBD-JhCC _dBD-JhCC |
||
| 041 | _aeng | ||
| 082 |
_a516.6 _bMIL 1956 |
||
| 100 | 1 | _aMiller, H. W. | |
| 245 | 1 | 0 |
_aDescriptive geometry / _cby H.W. Miller. |
| 250 | _a3rd ed. | ||
| 260 |
_aNew York : _bJohn Wiley, _c1915. |
||
| 300 |
_a254p. : _bill. ; _c22cm. |
||
| 500 | _aIncludes index. | ||
| 650 | 0 | _aGeometry, Descriptive. | |
| 942 |
_2ddc _cBK |
||